000
00300nam a22001337a 4500
008
181203b xxu||||| |||| 00| 0 eng d
020
_a
9781740896085
041
_a
eng
080
_a
721
100
_a
41
101
_a
NDE
245
_a
The world's greatest Buildings
_c
Howells,T
942
_2
udc
_c
BK
999
_c
52704
_d
52704